Euroopan kaupungit kirjaimittain - G - Statistics

Yleistilastot
  • Tätä visaa on pelattu 38 kertaa
  • Keskiarvotulos 10 / 19
Vastaukset kartalla
Vastauksille on annettu kartalla punavihreä väri sen mukaan, kuinka moni on saanut sen oikein.
 
Vastaustilastot
% Oikein
Ruotsi Göteborg 608 993 57.706944 11.966389
Galați 45.441944 28.034167 4 galati
Galway 53.2729 -9.038994 4 galway
Garmisch-Partenkirchen 47.5 11.083333 4 garmisch-partenkirchen
Gdánsk 54.351944 18.646667 4 gdansk
Gdynia 54.5 18.533333 4 gdynia
Gelsenkirchen 51.511111 7.100556 4 gelsenkirchen
Geneve 46.204444 6.141389 4 geneve
Genova 44.406944 8.933889 4 genova
Gent 51.05 3.7 4 gent
Gijón 43.533333 -5.666667 4 gijon
Glasgow 55.865556 -4.257222 4 glasgow
Gotlanti 57.615278 18.280556 4 gotlanti
Grenoble 45.200278 5.722222 4 grenoble
Groningen 53.216667 6.566667 4 groningen
Göteborg 57.706944 11.966389 4 goteborg
Granada 37.178056 -3.600833 4 granada
Graz 47.070278 15.438889 4 graz
Guimarães 41.45 -8.3 4 guimaraes
Gävle 60.683333 17.166667 4 gavle
100%
Puola Gdánsk 487 371 54.351944 18.646667
91%
Iso-Britannia Glasgow 631 690 55.865556 -4.257222
88%
Ruotsi Gävle 103 838 60.683333 17.166667
78%
Sveitsi Geneve 209 061 46.204444 6.141389
72%
Italia Genova 563 947 44.406944 8.933889
69%
Itävalta Graz 305 314 47.070278 15.438889
63%
Belgia Gent 272 657 51.05 3.7
53%
Ruotsi Gotlanti 60 971 57.615278 18.280556
53%
Puola Gdynia 241 189 54.5 18.533333
44%
Alankomaat Groningen 244 829 53.216667 6.566667
44%
Espanja Granada 235 294 37.178056 -3.600833
41%
Ranska Grenoble 156 140 45.200278 5.722222
41%
Irlanti Galway 85 910 53.2729 -9.038994
28%
Saksa Garmisch-Partenkirchen 27 509 47.5 11.083333
28%
Espanja Gijón 271 259 43.533333 -5.666667
25%
Romania Galați 217 851 45.441944 28.034167
19%
Saksa Gelsenkirchen 267 930 51.511111 7.100556
13%
Portugali Guimarães 54 750 41.45 -8.3
9%
Ehtoja vastaavia visoja ei löytynyt
Tulosjakauma
Jokaisen tuloksen saaneiden osuus
Persentiili vastausten määrän mukaan
Tuloshistoriasi
Et ole pelannut tätä visaa